000 00597nam a22002052 4500
001 0000005119
005 20170406120355.0
008 141203s xx 000 0 eng d
020 _a"1854794264" :
_c$
040 _aYour Holding Symbol
_cYour Holding Symbol
100 1 _aMorton Andrew.
245 1 0 _aMonica's Story /
_cAndrew Morton.
250 _a ed.
260 _aLondon :
_bMichael O'mara Books Limited,
_c1999.
300 _a288 p. :
_bill ;
_c cm.
504 _aIncludes Index.
591 _a2005
_bDonation
_cArrupe
650 0 _aAmerican History.
908 _a141203
999 _c4923
_d4923